[Event "29th Czech Open J 2018"]
[Site "Pardubice CZE"]
[Date "2018.07.16"]
[Round "5.5"]
[White "Brantjes, Yme"]
[Black "Pavlicek, Lukas"]
[Result "0-1"]
[WhiteElo "2021"]
[BlackElo "1819"]
[WhiteFideId "1039539"]
[BlackFideId "373001"]
[EventDate "2018.07.13"]

1. e4 c5 2. Nf3 d6 3. d4 cxd4 4. Nxd4 Nf6 5. Nc3 a6 6. Be3 e5 7. Nf3 Be7 8. Bc4
O-O 9. Qe2 Nbd7 10. h3 b5 11. Bd5 Nxd5 12. Nxd5 Bb7 13. a4 Bxd5 14. exd5 b4 15.
a5 Qc8 16. O-O f5 17. Rfc1 Nf6 18. Qd2 Qc4 19. Rd1 Rfc8 20. Ra4 Qxc2 21. Rxb4
Qxd2 22. Rxd2 Bd8 23. Bb6 Rab8 24. g3 Nd7 25. Bxd8 Rxb4 26. Be7 Rb5 27. Bxd6 Nf6
28. Bxe5 Rxd5 29. Rxd5 Nxd5 30. Nd4 g6 31. Bd6 Rc4 32. Nb3 Ra4 33. Kf1 Nb4 34.
Bxb4 Rxb4 35. Nc5 Rxb2 36. Nxa6 Ra2 37. Nb4 Rxa5 38. Nd3 Kg7 39. h4 Kf6 40. Ke2
Ra2+ 41. Ke3 Ra4 42. Nf4 Ra3+ 43. Ke2 Ke5 44. Nd3+ Kd4 45. Nf4 Ke4 46. Nh3 h6
47. Kf1 Kf3 48. Ng1+ Kg4 49. Kg2 f4 50. f3+ Kf5 51. gxf4 Kxf4 52. Nh3+ Ke3 53.
Kg3 Ra1 54. Kg2 Rb1 55. Kg3 Rf1 56. Kg2 Rxf3 57. Ng1 Rf2+ 58. Kg3 Rf1 59. Nh3
Rf3+ 60. Kg2 Rxh3 61. Kxh3 Kf3 62. h5 g5 0-1

[Event "29th Czech Open J 2018"]
[Site "Pardubice CZE"]
[Date "2018.07.17"]
[Round "6.1"]
[White "Neuman, Petr"]
[Black "Kotva, Milan"]
[Result "1-0"]
[WhiteTitle "GM"]
[WhiteElo "2440"]
[BlackElo "1886"]
[WhiteFideId "305243"]
[BlackFideId "322148"]
[EventDate "2018.07.13"]

1. e4 e5 2. Nf3 Nc6 3. c3 d5 4. d3 Nf6 5. Nbd2 Bc5 6. b4 Bd6 7. a3 Ne7 8. g3 a5
9. Bb2 b6 10. d4 Ng6 11. dxe5 Bxe5 12. Nxe5 Nxe5 13. f4 Neg4 14. e5 O-O 15. Qf3
Ne4 16. Nxe4 dxe4 17. Qxe4 Rb8 18. Bd3 g6 19. Qe2 Nh6 20. h3 axb4 21. axb4 c5
22. g4 cxb4 23. cxb4 Bb7 24. Rh2 Qe7 25. f5 Qxb4+ 26. Kf1 Rfd8 27. Rf2 Qb3 28.
Ra3 Qd5 29. Qe3 Ra8 30. Rxa8 Bxa8 31. e6 Re8 32. Bc2 fxe6 33. fxg6 hxg6 34. Qxh6
Qb5+ 35. Kg1 1-0

[Event "29th Czech Open J 2018"]
[Site "Pardubice CZE"]
[Date "2018.07.17"]
[Round "6.2"]
[White "Skliarov, Viktor"]
[Black "Pipia, Ekaterine"]
[Result "1-0"]
[WhiteTitle "IM"]
[WhiteElo "2357"]
[BlackElo "1750"]
[WhiteFideId "14106736"]
[BlackFideId "13614576"]
[EventDate "2018.07.13"]

1. e4 g6 2. d4 Bg7 3. Nc3 d6 4. Be3 a6 5. Qd2 b5 6. f3 Nd7 7. g4 Bb7 8. h4 Ngf6
9. h5 c5 10. h6 Bf8 11. g5 Nh5 12. Nge2 Qc7 13. Bh3 e6 14. Bg4 O-O-O 15. Bxh5
gxh5 16. Nf4 b4 17. Nce2 cxd4 18. Nxd4 e5 19. Nde6 fxe6 20. Nxe6 Qc6 21. Nxd8
Kxd8 22. O-O-O a5 23. f4 Qxe4 24. fxe5 Qc4 25. Rhf1 Qxa2 26. Qd4 Qe6 27. exd6
Rg8 28. Rfe1 Bf3 29. Qa7 Qc4 30. Bb6+ Nxb6 31. Qxb6+ Kd7 32. Qa7+ Kc6 33. Qc7+
Kb5 34. Re5+ 1-0

[Event "29th Czech Open J 2018"]
[Site "Pardubice CZE"]
[Date "2018.07.17"]
[Round "6.3"]
[White "Pavlicek, Lukas"]
[Black "Kong, Ren En"]
[Result "1-0"]
[WhiteElo "1819"]
[BlackElo "1859"]
[WhiteFideId "373001"]
[BlackFideId "5718074"]
[EventDate "2018.07.13"]

1. c4 c5 2. Nc3 g6 3. g3 Bg7 4. Bg2 d6 5. e3 Nc6 6. Nge2 e5 7. O-O Be6 8. Nd5
Nge7 9. Nec3 Rb8 10. a3 a5 11. d3 O-O 12. Bd2 Bxd5 13. Nxd5 b5 14. Rb1 Nxd5 15.
cxd5 Ne7 16. b4 cxb4 17. axb4 a4 18. e4 Qd7 19. Be3 Rbc8 20. Qd2 f5 21. Bh3 Rc7
22. Rfc1 Rfc8 23. Rxc7 Qxc7 24. Rc1 Qxc1+ 25. Qxc1 Rxc1+ 26. Bxc1 Kf7 27. f3 Kf6
28. Bf1 Nc8 29. d4 exd4 30. Bxb5 Nb6 31. Kf2 g5 32. g4 fxg4 33. fxg4 Ke5 34. Kf3
Bf6 35. Bd3 Bd8 36. Bc2 Nc4 37. Bxa4 d3 38. Be3 Bb6 39. Bxg5 Kd4 40. Bf6+ Ne5+
41. Bxe5+ dxe5 42. h4 Kc4 43. Bd1 Kxb4 44. g5 Kc5 45. h5 Bd8 46. Kg4 Kd6 47. Kf5
d2 48. g6 hxg6+ 49. hxg6 Ke7 50. Kxe5 Bc7+ 51. Kf5 Kf8 52. e5 Bb6 53. d6 Bd4 54.
e6 Ke8 55. Ba4+ 1-0

[Event "29th Czech Open J 2018"]
[Site "Pardubice CZE"]
[Date "2018.07.17"]
[Round "6.4"]
[White "Kraus, Ondrej"]
[Black "Shkuran, Danylo"]
[Result "0-1"]
[BlackTitle "IM"]
[WhiteElo "1965"]
[BlackElo "2381"]
[WhiteFideId "333166"]
[BlackFideId "14106248"]
[EventDate "2018.07.13"]

1. e4 c5 2. Nf3 e6 3. d4 cxd4 4. Nxd4 a6 5. Be3 Nf6 6. Bd3 Nc6 7. O-O Qc7 8. Nd2
Be7 9. f4 d6 10. Kh1 O-O 11. c3 e5 12. Ne2 exf4 13. Nxf4 Ne5 14. Bc2 Bd7 15. Nd5
Nxd5 16. exd5 Bb5 17. Rf2 Nd3 18. Rf3 Ne5 19. Rf2 g6 20. Ne4 f5 21. Ng5 Bxg5 22.
Bxg5 Qc5 23. Qg1 Rae8 24. Rd1 Kg7 25. Rd4 Ng4 26. Rfd2 h6 27. Bh4 g5 28. Bf2
Nxf2+ 29. Qxf2 Re5 30. a4 Rfe8 31. h3 Re1+ 32. Kh2 Rf1 33. axb5 Rxf2 34. Rxf2 f4
35. bxa6 bxa6 36. Bd3 Re1 37. Rf1 Rxf1 38. Bxf1 a5 39. Bc4 Qb6 40. b3 Qc5 41.
Re4 Qf2 42. Bb5 f3 43. Rg4 Qc5 44. Bf1 f2 45. c4 Qe3 46. g3 h5 0-1

[Event "29th Czech Open J 2018"]
[Site "Pardubice CZE"]
[Date "2018.07.17"]
[Round "6.5"]
[White "Varitski, Igor"]
[Black "Miskulin, Dennis"]
[Result "1-0"]
[WhiteTitle "IM"]
[WhiteElo "2235"]
[BlackElo "2206"]
[WhiteFideId "14102862"]
[BlackFideId "1705520"]
[EventDate "2018.07.13"]

1. e4 c5 2. c3 Qa5 3. Na3 d6 4. Nc4 Qc7 5. d4 Nf6 6. e5 dxe5 7. dxe5 Ng4 8. f4
g6 9. Qe2 Qc6 10. Nf3 h5 11. g3 Bg7 12. Bg2 O-O 13. O-O Qc7 14. a4 Nc6 15. Re1
Bf5 16. h3 Nh6 17. Ne3 Rad8 18. Nxf5 Nxf5 19. g4 hxg4 20. hxg4 Nh6 21. Ng5 Na5
22. Be3 c4 23. Rad1 b6 24. Bf3 Qc8 25. Kg2 f6 26. exf6 exf6 27. Ne4 f5 28. Nd6
Qc7 29. Bd5+ Kh7 30. Nb5 Qe7 31. g5 Rxd5 32. Rxd5 Ng4 33. Bf2 Qb7 34. Rh1+ Kg8
35. Qe6+ Qf7 36. Qxf7+ 1-0

[Event "29th Czech Open J 2018"]
[Site "Pardubice CZE"]
[Date "2018.07.18"]
[Round "7.1"]
[White "Pavlicek, Lukas"]
[Black "Neuman, Petr"]
[Result "0-1"]
[BlackTitle "GM"]
[WhiteElo "1819"]
[BlackElo "2440"]
[WhiteFideId "373001"]
[BlackFideId "305243"]
[EventDate "2018.07.13"]

1. d4 d6 2. c4 e5 3. d5 f5 4. Nc3 Nf6 5. Qc2 Be7 6. e4 f4 7. Bd2 O-O 8. f3 c5 9.
Nge2 Na6 10. a3 Bd7 11. g3 Nh5 12. Bg2 g5 13. g4 Nf6 14. h3 h5 15. Qd3 Kf7 16.
Na2 Rh8 17. O-O-O Qg8 18. Nec3 Qg7 19. Rdg1 Rh6 20. b4 Rc8 21. b5 Nb8 22. a4
Rch8 23. Qf1 R8h7 24. Kc2 Qh8 25. Nc1 Bc8 26. Nd3 Nbd7 27. Nf2 Nf8 28. Kd3 Ng6
29. Ke2 Nh4 30. Be1 Bd8 31. Na2 Bc7 32. Nc1 a6 33. Nb3 Bd7 34. Bd2 axb5 35. axb5
Qe8 36. Qb1 Nxg2 37. Rxg2 hxg4 38. hxg4 Rxh1 39. Nxh1 Bxb5 40. Kd3 Ba6 41. Rg1
Qa4 42. Rc1 Rxh1 0-1

[Event "29th Czech Open J 2018"]
[Site "Pardubice CZE"]
[Date "2018.07.18"]
[Round "7.2"]
[White "Shkuran, Danylo"]
[Black "Skliarov, Viktor"]
[Result "0-1"]
[WhiteTitle "IM"]
[BlackTitle "IM"]
[WhiteElo "2381"]
[BlackElo "2357"]
[WhiteFideId "14106248"]
[BlackFideId "14106736"]
[EventDate "2018.07.13"]

1. e4 c5 2. Nc3 Nc6 3. g3 g6 4. Bg2 Bg7 5. Nge2 e6 6. d3 Nge7 7. O-O O-O 8. Be3
Nd4 9. Rb1 Nec6 10. a3 b6 11. Qd2 Bb7 12. Bg5 f6 13. Bf4 d6 14. b4 Qe7 15. h4
Rac8 16. Rfc1 Rfd8 17. Bh6 Ne5 18. Nxd4 cxd4 19. Ne2 d5 20. Bxg7 Kxg7 21. f4 Nf7
22. exd5 Bxd5 23. Bh3 Ba8 24. Kh2 h5 25. Re1 Qd6 26. Rbc1 Nh6 27. f5 exf5 28.
Nf4 Re8 29. Rxe8 Rxe8 30. c3 Ng4+ 31. Bxg4 hxg4 32. cxd4 g5 33. Ng2 Kg6 34. Qf2
Qd5 35. Rf1 Qxg2+ 36. Qxg2 Bxg2 37. Kxg2 Rd8 38. Re1 Rxd4 39. hxg5 fxg5 40. Re7
Rxd3 41. Rxa7 f4 42. Ra6 Rxg3+ 43. Kf2 Rb3 44. Rxb6+ Kf5 45. a4 g3+ 0-1

[Event "29th Czech Open J 2018"]
[Site "Pardubice CZE"]
[Date "2018.07.18"]
[Round "7.3"]
[White "Krapivina, Galina"]
[Black "Varitski, Igor"]
[Result "0-1"]
[BlackTitle "IM"]
[WhiteElo "1852"]
[BlackElo "2235"]
[WhiteFideId "24159182"]
[BlackFideId "14102862"]
[EventDate "2018.07.13"]

1. e4 c6 2. d4 Na6 3. Nc3 Nc7 4. Bf4 Nf6 5. h3 d5 6. e5 Nd7 7. Nf3 e6 8. Qd2 b6
9. g4 Ba6 10. Bg3 Bxf1 11. Rxf1 c5 12. Nh2 cxd4 13. Qxd4 Nc5 14. f4 Qd7 15. Nf3
Nb5 16. Nxb5 Qxb5 17. Nd2 Be7 18. Rf3 Rc8 19. a4 Qa6 20. b4 Ne4 21. c3 Nxg3 22.
Rxg3 Bh4 23. Kf2 O-O 24. Kf3 Bxg3 25. Kxg3 f6 26. Qe3 fxe5 27. Qxe5 Qd3+ 28. Nf3
Rxc3 29. Qd6 Kh8 30. Qd7 Qxf3+ 0-1

[Event "29th Czech Open J 2018"]
[Site "Pardubice CZE"]
[Date "2018.07.18"]
[Round "7.4"]
[White "Kong, Ren En"]
[Black "Wiegers, Kasper"]
[Result "1-0"]
[WhiteElo "1859"]
[BlackElo "1908"]
[WhiteFideId "5718074"]
[BlackFideId "1035185"]
[EventDate "2018.07.13"]

1. d4 Nf6 2. c4 c5 3. d5 e5 4. Nc3 d6 5. e4 Be7 6. Bd3 Nbd7 7. Nge2 Nf8 8. f3
Ng6 9. Be3 O-O 10. Qd2 Ne8 11. O-O-O f5 12. exf5 Bxf5 13. Ne4 a6 14. Kb1 Nc7 15.
Nxc5 b5 16. Bxf5 Rxf5 17. cxb5 Nxb5 18. Ne6 Qb8 19. Qd3 Rf7 20. Nc3 e4 21. Nxe4
Ne5 22. Qb3 Bf6 23. Nxf6+ gxf6 24. a4 Na3+ 25. Qxa3 Nc4 26. Qc3 Nxb2 27. Qxb2
Rb7 28. Rd2 Rxb2+ 29. Rxb2 Qe8 30. Rc1 Qg6+ 31. Rcc2 Qd3 32. Bc1 Rc8 33. Nf4 Qf5
34. g4 Qd7 35. Ne6 Rxc2 36. Rxc2 Qb7+ 37. Bb2 Qxd5 38. Nd4 h5 39. gxh5 Qxh5 40.
Bc3 Qh3 41. a5 Kf7 42. Kb2 Qd7 43. Re2 Qb7+ 44. Kc2 Qd5 45. Kd3 Qc5 46. Re4 d5
47. Rf4 Qc4+ 48. Kd2 Kg6 49. h4 Qa2+ 50. Nc2 f5 51. Rd4 Kh5 52. Rb4 Qxa5 53. Rf4
Qb6 54. Rxf5+ Kxh4 55. Bf6+ Kg3 56. Be5+ Kh4 57. Nd4 Qb2+ 58. Ke3 Qc1+ 59. Kf2
Qh6 60. Ne2 Qb6+ 61. Kg2 Qg6+ 62. Bg3+ 1-0

[Event "29th Czech Open J 2018"]
[Site "Pardubice CZE"]
[Date "2018.07.18"]
[Round "7.5"]
[White "Brantjes, Yme"]
[Black "Mikulenka, Tomas"]
[Result "1-0"]
[WhiteElo "2021"]
[BlackElo "1598"]
[WhiteFideId "1039539"]
[BlackFideId "359521"]
[EventDate "2018.07.13"]

1. e4 c5 2. Nf3 d6 3. d4 cxd4 4. Nxd4 Nf6 5. Nc3 a6 6. Be3 e6 7. g4 Be7 8. Bg2
O-O 9. Qe2 Qc7 10. O-O-O Bd7 11. f4 Nc6 12. f5 e5 13. Nb3 Nb4 14. g5 Bb5 15. Qf3
Rfc8 16. Kb1 Nxe4 17. Qxe4 d5 18. Nxd5 Nxd5 19. Rxd5 Bc6 20. Qd3 Bxd5 21. Bxd5
Kh8 22. Qe4 Rab8 23. Rg1 Bf8 24. g6 fxg6 25. fxg6 h6 26. Nd2 b5 27. Nf3 Re8 28.
Ng5 Re7 29. Nf7+ Rxf7 30. gxf7 Qd6 31. Rg6 1-0